Statistics for Countries With The Most Basque People

Click here to take the quiz!

General Stats

  • This quiz has been taken 67 times
  • The average score is 12 of 15

Answer Stats

Hint%Answer% Correct
2,41 mil5Spain
100%
239,000<1France
98%
98,500<1United States
95%
2,56 mil2Mexico
89%
5,49 mil12Argentina
85%
1,04 mil2Colombia
85%
1,73 mil4Venezuela
85%
13,000<1Canada
82%
1,57 mil8Chile
82%
478,80015Uruguay
82%
447,800<1Brazil
79%
171,700<1Peru
77%
204,9003Paraguay
72%
104,2002Costa Rica
48%
66,700<1Philippines
16%

Score Distribution

Percentile by Number Answered

Percent of People with Each Score

Your Score History

You have not taken this quiz